Estatísticas para Estados do Brasil mais perto do centro do país

Clique aqui para jogar o quiz

Estatísticas Gerais

  • Esse quiz foi jogado 50 vezes
    (33 desde o último reset)
  • A pontuação média é 13 de 14

Estatísticas das Respostas

DistânciaEstado% Correto
0 kmMato Grosso
100%
116 kmMato Grosso do Sul
100%
64 kmGoiás
97%
190 kmPará
97%
348 kmPiauí ou Maranhão
97%
228 kmSão Paulo
97%
225 kmAmazonas
94%
283 kmMinas Gerais
94%
328 kmParaná
94%
480 kmRio de Janeiro
94%
156 kmTocantins
94%
218 kmRondônia
91%
330 kmBahia
88%
468 kmSanta Catarina
81%

Distribuição das Pontuações

Percentil de Números Respondidos

Porcentagem de Pessoas com Cada Pontuação

Sua Pontuação Histórica

Você não jogou esse quiz desde o último reset